[Event "Lichtenberger Sommer"]
[Site "Berlin"]
[Date "2009.08.15"]
[Round "1.1"]
[White "Rabiega, Robert"]
[Black "Scheide, Helmut"]
[Result "0-1"]
[WhiteElo "2474"]
[BlackElo "1810"]
[Annotator "H.Scheide"]
[PlyCount "100"]
[EventDate "2009.??.??"]
[WhiteTeam "SK König Tegel 1949 e.V."]
[BlackTeam "USV Potsdam e.V., Abt. Schach"]

{Aus der Sicht eines Regionalligespielers moechte ich "meine Partie des
Jahres" kurz kommentieren.} 1. e4 e5 2. Bc4 Nf6 3. d3 c6 4. Nf3 d5 5. Bb3 Nbd7
6. O-O Be7 7. exd5 cxd5 8. Re1 {Hier sah ich schon Probleme im "Mittelfeld"
auf mich zukommen. Da erinnerte ich mich an den Marshall-Angriff mit
aehnlichen Strukturen in der Sf6-Variante und opferte kurzerhand den e-Bauern.}
8... O-O $5 9. Nxe5 Nxe5 10. Rxe5 Bd6 11. Re1 Ng4 12. h3 Qh4 13. Be3 (13. Qf3 {
fuehrt etwa zum Ausgleich nach} 13... Bh2+ 14. Kf1 Be5 15. Kg1 Bh2+) ({
geringfuegig besser waere} 13. Re2 Nf6 14. Nc3 Bg4 15. f3 Be6) (13. hxg4 $4 {
verliert Haus und Hof:} 13... Qh2+ 14. Kf1 Qh1+ 15. Ke2 Bxg4+ 16. Kd2 Qh6+ 17.
Re3 Bxd1) 13... Re8 14. Bd4 Be6 15. c3 (15. Nc3 {ist etwas aktiver}) 15... Nf6
{Sieht wie ein Rueckzug aus, aktiviert aber den weissfeldrigen Laeufer.Hier
bot ich Remis an.} 16. Nd2 {Diagramm #} (16. Qf3 {verliert sofort wegen} 16...
Bg4) 16... Bxh3 17. Rxe8+ ({Weiss verfuegte ueber folgende Ausgleichvarianten:
} 17. gxh3 Qxh3 18. Qf3 (18. Nf3 Qg4+ $11) (18. Nf1 {
fuehrt dagegen zu leichtem weissem Vorteil:} 18... Rxe1 19. Qxe1 Re8 20. Qd2
Qg4+ 21. Ng3 Bxg3 22. fxg3 Nh5 23. Qg2 Nxg3 24. Bf2 $18) 18... Bh2+ $11) ({
Es verliert} 17. Qf3 $4 Bh2+ 18. Kf1 Bg4 19. g3 Bh3+ {
Dieses Motiv wiederholt sich im 19. Zug der Partie.}) 17... Rxe8 18. Bxf6 (18.
gxh3 Qxh3 19. Qf3 $11) 18... gxf6 19. Qf3 $2 {
Diagramm # Dieser Zug fuehrt zum Verlust, kostet zumindest eine Figur.} ({
Richtig war:} 19. gxh3 Qxh3 20. Qf3 Bh2+ 21. Kh1 Bg3+ 22. Kg1) 19... Bh2+ $3 {
Bringt D + K des Weissen in grosse Gefahr. Sofort} (19... Bg4 {scheitert an}
20. g3) 20. Kxh2 {
Weiss opfert hier die Dame, da andere Zuege auch wenig versprachen, z.B.:} (20.
Kh1 Bg4) (20. Kf1 Bg4 21. g3 Bh3+) 20... Bg4+ 21. Kg1 Bxf3 22. Nxf3 Qh5 {
Weiss fand in der Folge nicht die Mittel, um im Zusammenhang mit derschlechten
schwarzen Bauernstruktur eine "geeignete Festung" aufzubauen.} 23. Nd4 Qe5 24.
g3 Qg5 25. Rd1 h5 26. Kg2 h4 27. Nf3 h3+ 28. Kxh3 Qf5+ 29. Kg2 Re2 {
Jetzt war mir schon wohler.} 30. d4 Rxb2 31. Re1 a5 32. Re8+ Kg7 33. Rd8 Qe4 $1
34. Bxd5 Qe3 35. Nh4 Rxf2+ 36. Kh3 Qe2 37. Bg2 (37. Ng2 $4 Rxg2 $1) 37... Qxa2
38. d5 Qc4 39. d6 f5 40. Kh2 f4 41. d7 Qc7 42. Ra8 fxg3+ 43. Kh3 Qxd7+ 44. Kxg3
Rc2 45. Be4 Rxc3+ 46. Kf4 Qd2+ 47. Kg4 Rc4 48. Nf5+ Kf6 49. Ng3 Qg5+ 50. Kh3
Rc3 {und Weiss gab auf.    Ich wusste lange Zeit nach der Partie noch nicht,
was eigentlich passiert war. Es war eine sehr interessante und von taktischen
Elementen gepraegte Partie. Meine eigenes Turnierziel (5,5 P.) habe ich leider
verfehlt und nur 50 % erreicht. Und dabei als Ausgleich gegen einen "sehr
guten 1500er" verloren. So ist eben Schach, zmindest bei mir.    Helmut
Scheide} 0-1

[Event "Lichtenberger Sommer"]
[Site "Berlin"]
[Date "2009.09.20"]
[Round "6.1"]
[White "Sieglen, Joachim"]
[Black "Kalinitschew, Sergej"]
[Result "0-1"]
[WhiteElo "2488"]
[BlackElo "2339"]
[Annotator "Kommentar: Sieglen"]
[PlyCount "79"]
[EventDate "2009.??.??"]

1. d4 Nf6 2. c4 c5 3. d5 b5 4. cxb5 a6 5. bxa6 Bxa6 6. Nc3 d6 7. e4 Bxf1 8.
Kxf1 g6 9. h3 Bg7 10. Nge2 {
Eine etwas passive, aber sehr feste Aufstellung des Weissen} 10... O-O 11. Kg1
Na6 12. Kh2 Qb6 13. Rb1 Rfb8 14. Be3 Qa5 15. Qd2 Rb7 {Schwarz moechte
vermeiden, dass Weiss zur Aufstellung b3-a4 kommt. Deshalb plant er auf b3 Da3
und auf a4 einfach Tab8.} 16. Rhd1 Ne8 17. b3 {
ungenau: hier konnte Weiss die Umgruppierung des Schwarzen mit Lg5 stoeren.}
17... Qa3 18. Qc1 Nb4 19. Qxa3 Rxa3 20. Bc1 Ra8 {
Mit dem Damentausch steigen die Ausgleichschancen des Schwarzen.} 21. Rd2 Nc7
22. g3 Rf8 {Hier gab es eine taktische Loesung des Stellungsproblems:} (22...
Nb5 23. Nxb5 Nxa2 $1 24. Nxd6 exd6 {und Schwarz hat genug Spiel}) 23. Kg2 f5
24. f3 {wieder ungenau: besser war exf} 24... fxe4 25. fxe4 Ra8 26. h4 {
Auch Dank der Ungenauigkeiten von Weiss hat Schwarz Ausgleich erzielt. Dieser
liess sich nun mit dem Pendelmanoever Lh6-Lg7 demonstrieren.} 26... Be5 $2 {
Schwarz verlaesst sich darauf, dass Weiss seine Stellung nicht weiterverstaerke
n kann und unternimmt nichts. Diese Einschaetung ist jedoch ein Irrtum.} 27.
Na4 $5 {Der falsche Weg: richtig war Ta1 nebst Lb2.} 27... Kg7 $2 (27... Nbxd5
$1 28. Nxc5 dxc5 29. exd5 c4 $1 {war richtig: entweder faellt d5 oder a2. Nun
steht Weiss auf Gewinn und der Rest ist leicht verstaendlich}) 28. Bb2 Bxb2 29.
Rbxb2 Rf8 30. Nac3 h6 31. Rb1 Rbb8 32. Rf1 Rxf1 33. Kxf1 g5 34. hxg5 hxg5 35.
Kg2 Rf8 36. Nd1 Na8 37. Nec3 Kf6 38. Ne3 e6 39. Nc4 exd5 40. exd5 0-1

[Event "Lichtenberger Sommer"]
[Site "Berlin"]
[Date "2009.08.18"]
[Round "4.1"]
[White "Meister, Yakov"]
[Black "Brüdigam, Martin"]
[Result "1/2-1/2"]
[WhiteElo "2484"]
[BlackElo "2249"]
[Annotator "Kommentar: Brüdigam"]
[PlyCount "116"]
[EventDate "2009.??.??"]
[WhiteTeam "SK Zehlendorf e.V."]
[BlackTeam "USV Potsdam e.V., Abt. Schach"]

1. e4 e5 2. Bc4 Nf6 3. d3 Bc5 4. Nf3 Qe7 {Schwarz vermeidet ausgetretene
Theoriepfade wo er seinem Gegner weit unterlegen waere.} 5. O-O d6 6. Be3 Nbd7
7. Nc3 c6 8. d4 Bb4 9. Bd3 O-O 10. Re1 Re8 11. Bd2 Nf8 12. h3 Ng6 {Bis hierhin
folgen sowohl Weiss als auch Schwarz zumindest bekannten Stellungsmustern. Mit
seinem naechsten Zug von Weiss beginnt die Klaerung der Situation im Zentrum}
13. Nd5 Nxd5 $6 ({Nicht die beste Art wiederzunehmen. Genauer ist} 13... cxd5
14. Bxb4 dxe4 15. Bxe4 (15. dxe5 Nxe5 16. Nxe5 Qxe5 17. Bc3 Qf4 18. Bxf6 gxf6)
(15. Nxe5 Nxe5 16. dxe5 Qxe5 {laeuft auf's selbe hinaus.}) 15... Nxe4 16. Rxe4
Qc7 {und Schwarz kann seine Entwicklung zufriedenstellend abschliessen.}) 14.
exd5 Bxd2 15. Qxd2 Qf6 16. dxe5 (16. Bxg6 hxg6 17. dxe5 dxe5 18. dxc6 bxc6 {
waere eine Alternative. Die schwarzen a- und c-Bauern, sowiedasDame-Springer-Ge
spann geben Weiss gute Karten, allerdings verfuegt er noch ueber keine
Stuetzpunkte im Zentrum. Doch der Kampf beginnt dann erst.}) 16... Nxe5 17. Ng5
$6 {uebersieht die natuerliche schwarze Antwort.} 17... Bf5 18. dxc6 bxc6 19.
Bxf5 Qxf5 20. Ne4 Qg6 21. Qc3 {Die Stellung ist ausgeglichen. Jeodch hat Weiss
noch nicht alle Figuren ideal aufgestellt, und das ist nur eine Frage der Zeit.
Schwarz muss nun aktiv vorgehen, sonst kommt er aufgrund seiner Bauernstruktur
irgendwann unter die Raeder. Allerdings sind sein Figuren gerade gut postiert
fuer einen Vorstoss am Koenigsfluegel um die weisse Stellung zu schwaechen.}
21... f5 22. Nd2 f4 23. f3 $2 {Weiss schwaecht mit diesem Zug seine
Koenigsstellung und bietet Schwarz spaeter eine Menge Ansatzpunkte zum
Gegenspiel. Besser war} (23. Nf3 Nxf3+ 24. Qxf3 Qxc2 25. Qxf4 Rf8 26. Qd4 Rab8
27. b3 c5 28. Qd5+ Kh8 29. Qxd6 Qxf2+ 30. Kh2 {mit Ausgleich}) 23... Re6 24.
Nc4 Rae8 25. Nxe5 Rxe5 26. Rxe5 dxe5 27. Re1 Qd6 28. a4 Qd5 {Sollte es Schwarz
gelingen e4 durchzudruecken, besitzt er aufgrund des geschwaechten weissem
Koenigsfluegels gute Remischancen trotz seiner schlechten Bauernstruktur.} 29.
Re4 Kf7 30. b4 g5 $6 31. Rc4 Re6 32. Rc5 Qd1+ 33. Kh2 Qe2 $2 {Entsteht aus
einem Rechenfehler. Knapp an Bedenkzeit setzt Schwarz auf eine Remisschaukel.
Solider waere} (33... Qd6) 34. Rxc6 Rxc6 35. Qxc6 Qe1 36. Qc5 {
Das Interessante ist, dass Weiss nicht in der Lage ist das Bauernendspiel nach}
(36. Qe4 Qxe4 37. fxe4 {nicht zu gewinnen.} 37... Ke6 38. c4 (38. h4 g4 {
und der weiss e Koenig darf den Koenigsfluegel nicht mehr verlassen um seine
Bauern zu unterstuetzen.}) (38. Kg1 {und erst jetzt} 38... h5 {
, da 38. g3 nicht geht} 39. Kf2 g4 40. hxg4 hxg4 {
und aehnlicher Situation wie oben}) 38... Kd6 39. a5 h6 (39... h5 $4 {
wuerde verlieren, da Weiss in der Lage ist mit} 40. g3 Kc6 (40... h4 41. gxh4
gxh4 42. Kg2 Kc6 43. Kf3 Kd6 44. Kg4 Ke6 45. b5 Kd6 46. Kxh4 {und Weiss gewinnt
}) 41. Kg2 $1 (41. h4 $2 fxg3+ 42. Kxg3 g4 {und remis}) 41... Kd7 42. h4 gxh4 (
42... g4 43. gxf4 exf4 44. b5 {mit weisser Gewinnstellung}) 43. gxf4 exf4 44.
b5 Kc7 45. c5 {und Weiss gewinnt.}) 40. h4 (40. Kg1 h5 $11) 40... g4 $11) 36...
Qg3+ 37. Kh1 Qe1+ 38. Kh2 Qg3+ 39. Kh1 Qe1+ {Um Zeit zu gewinnen.} 40. Qg1 Qxb4
41. Qxa7+ Kg6 42. Kh2 Qe1 43. Qg1 Qb4 (43... Qg3+ $2 44. Kh1 {und die schwarze
Dame braucht eine Weile um wieder ins Spiel zu kommen oder Schwarz mussmit}
44... e4 45. fxe4 {einen weiteren Bauern geben, was aber verlieren duerfte.})
44. Qa1 e4 {Um Weiss unter Druck zu setzen. Die weisse Dame ist ueberfordert
mit derVerteidigu ng der Damenfluegelbauern und der Verteidigung des Koenigs.}
45. fxe4 $6 {Macht die schwarze Aufgabe leichter. Schwieriger waere} (45. c3 $1
Qc4 46. fxe4 (46. Qb1 Qxa4 47. Qxe4+ Qxe4 48. fxe4 Kf6 49. c4 Ke5 50. c5 h5 51.
Kg1 (51. g3 f3 52. g4 hxg4 53. hxg4 Kxe4 54. Kg3 Ke3 55. c6 f2 56. c7 f1=Q 57.
c8=Q $11) 51... g4 52. Kf2 Ke6 53. hxg4 hxg4 54. Ke2 Ke5 55. Kd3 Ke6 $11 {denn}
56. Kd4 $4 {verbietet sich wegen} 56... g3 57. c6 f3) 46... Qxe4 47. a5 f3 48.
gxf3 Qxf3 {und Schwarz hat Chancen die Partie Remis zu halten}) 45... Qxe4 46.
Qa3 $2 {Das fuehrt forciert zum Remis} 46... Qxc2 47. a5 f3 $1 48. Qd6+ (48.
Qxf3 Qc7+ 49. Kh1 Qxa5 $11) 48... Kh5 49. Qg3 f2 50. Qf3+ Kg6 51. a6 Qc4 52.
Qxf2 Qxa6 {mit dem letzten Remisangebot von Schwarz. Hier ist nichts mehr zu
holen fuer Weiss.} 53. Qc2+ Kg7 54. Qe4 Qd6+ 55. Kg1 Qf6 56. Qd5 Qf4 57. Qd7+
Kg6 58. Qd3+ Qf5 1/2-1/2

[Event "Lichtenberger Sommer"]
[Site "Berlin"]
[Date "2009.08.21"]
[Round "7"]
[White "Brüdigam, Martin"]
[Black "Syska, Albert"]
[Result "1-0"]
[WhiteElo "2249"]
[BlackElo "2268"]
[Annotator "Kommentar: Brüdigam"]
[PlyCount "61"]
[EventDate "2009.??.??"]
[WhiteTeam "USV Potsdam e.V., Abt. Schach"]
[BlackTeam "SK 1879 HD-Handschuhsheim"]

1. e4 c5 2. Nf3 d6 3. c3 {Diese Variante ist nicht so gelaeufig. Die Idee ist
mit d4 ein starkes Bauernzentrum aufzubauen. Schwarz kann hier zwar auch d5
spielen, besitzt aber ein Tempo weniger als in der Alapin-Variante.} 3... Nf6
4. Be2 Nbd7 5. Qc2 $6 {Eine Ungenauigkeit. Weiss will nicht d3 spielen,
allerdings ist nach dem folgenden Zug von Schwarz d4 nicht mehr mit der
urspuenglichen Idee spielbar.} 5... Qc7 6. O-O b6 7. d3 g6 8. Be3 Bb7 9. Nbd2
Bg7 10. Ng5 {Schwarz hat sich mit den letzten Zuegen entwickelt und bereitete
d5 vor mit angenehmen Spiel. Da jede weitere Vorbereitung von d4 zu langsam
ist, disponiert Weiss um und bereitet 11.f4 vor.} 10... d5 11. f4 dxe4 12. dxe4
O-O 13. Rae1 ({Hier scheitert sofortiges} 13. e5 {an} 13... Nd5 14. Rf3 {
und gutem Spiel fuer Schwarz. Der Turmzug bereitet 14. e5 vor, hat aber auch
die Idee nach schwarzem 13 ... e5 die Kontrolle ueber das Feld e4 zuverstaerken
.}) 13... h6 14. Nh3 ({Auf} 14. Ngf3 {waere} 14... Ng4 {sehr unangenehm.
Jedoch strebt der Springer sowieso das Feld f2 an, um e4 zu ueberdecken.})
14... Qc6 15. Bf3 e5 16. Nf2 (16. Nc4 {
um Druck gegen e5 zu machen waere ebenfalls moeglich.}) ({
Der Textzug bereitet f5 vor, was im Moment noch an} 16. f5 gxf5 17. exf5 e4 18.
Be2 Nd5 {scheitert, wonach alle schwarzen Figuren zum Leben erwachen koennen.})
16... Ba6 $6 {Danach ist unmoegich die Kontrolle ueber das Feld e4 zu erlangen,
sodass Weiss im naechsten Zug 18. f5 spielen kann.} (16... exf4 {
waere nicht gut, da} 17. Bxf4 Qe6 18. e5 Nd5 19. Bg3 {
nebst Sd3 oder Sg4 und Weiss verfuegt ueber gutes Spiel.}) 17. c4 Bb7 {
Schon der b este Zug, aber wirklich gluecklich kann Schwarz damit nicht sein.
Weiss hat nun schon verschiedene Moeglichkeiten sein Spiel aufzuziehen. Er ist
zum einen bereit mit f5 Raum am Koenigsfluegel gutzumachen und dort zum
Angriff ueberzugehen, zum Anderen ist er schneller als sein Kontrahent in der
Lage eine Figur nach d5 zu fuehren.} 18. f5 Rfe8 {Mit der Idee 19. ... gxf5 20.
gxf5 e4. Auf a) 21. Le2 kaemen alle schwarze Figuren ins Spiel nach Se5 und
nach b) 21. Sfxe4 Sxe4 22.Sxe4 Txe4 23. Lxe4 Dxe4 24. Dxe4 25. Lxe4 hat
Schwarz mit zwei Leichtfiguren gegen den Turm und Bauer gute Chancen.} 19. g4
gxf5 $2 {Besser waere es, die Stellung noch nicht zu oeffnen und abzuwarten, z.
B. mit Dc7 und dem Springermanoever Sd7-b8-c6-d4. Weiss ist jedoch einen Zug
schneller mit dem Manoever Sd2-b1-c3-d5.} 20. gxf5 {Noch einen Tick besser ist
20. exf5 e4 21. Lg2 .Aber man muss den schwarzen Figuren keinen Spielraum
geben ... Das Springermanoever nach d5, sowie der Raumvorteil am
Koenigsfluegel und die leichtere Koordination der Figuren geben dem Weissen
einen kleinen, aber sicheren Vorteil} 20... Nh7 21. Kh1 Kh8 22. Rg1 Rg8 23. Nb1
Bf6 $5 {Schwarz gibt absichtlich den Bh6 um den schwarzfeldrigen Laeufer
abzutauschen. Die Idee ist, dass Weiss stets Probleme haben wird, seinem
schlechten weissfeldrigen Laeufer eine sinnvolle Aufgabe zu geben und Schwarz
daher gute Chancen im Endspiel hat. Der Verlust des h-Bauern schwaecht jedoch
weiter die Koenigsstellung.} 24. Bxh6 (24. Rxg8+ Rxg8 25. Bh5 Kg7 26. Rg1+ {
mit Bauerngewinn waere noch exakter.}) 24... Bg5 25. Bxg5 Nxg5 26. Rg3 Nf6 27.
Nc3 Qd7 28. Qc1 {Mit einer kleinen positionellen Falle verbunden.} 28... Qd4 $2
{Im Bestreben etwas zu unternehen faellt Schwarz darauf hinein.} (28... Ngh7
29. Rd1 Qe7 30. Rdg1 Rxg3 31. Rxg3 Rg8 32. Rxg8+ Nxg8 {
ist angesichts des schlechten weissen Laeufers zumindest eine Alternative.})
29. Rxg5 Qxf2 30. Rh5+ Kg7 $4 {Kuerzt ab.} ({Auf} 30... Nxh5 {
ist die Partie allerdings auch vorbei} 31. Qh6#) ({Die einzige Moeglichkeit ist
} 30... Nh7 31. Rh3 (31. Rf1 {mit der Idee} 31... Qd4 32. Qh6 Rg7 33. f6 {
scheitert an 31. ... Tg1+ 32. Txg1+ Dxf3+ 33.Tg2 Dxh5}) 31... Rad8 {
Um 32. Tf1 mit Dd2 zu parieren.} 32. Nd5 Bxd5 33. exd5 Rd6 (33... f6 34. Rf1
Qd4 35. Qh6 Rg7 36. Qxf6) 34. Rxe5 {
Und Weiss hat zwei Bauern mehr und der Sh7 ist unbeweglich.}) 31. Qh6# 1-0

[Event "Lichtenberger Sommer"]
[Site "Berlin"]
[Date "2009.08.23"]
[Round "9.1"]
[White "Klundt, Klaus"]
[Black "Brüdigam, Martin"]
[Result "0-1"]
[WhiteElo "2333"]
[BlackElo "2249"]
[Annotator "Kommentar: Brüdigam"]
[PlyCount "98"]
[EventDate "2009.??.??"]
[WhiteTeam "vereinslos"]
[BlackTeam "USV Potsdam e.V., Abt. Schach"]

1. e4 c5 2. Nf3 e6 3. d4 cxd4 4. Nxd4 Nc6 5. Nc3 a6 6. Nxc6 bxc6 7. Bd3 d5 8.
O-O Nf6 9. Re1 {Bis hierhin Theorie} 9... d4 $6 {
Weicht ab um die Stellung zu schliessen und die Partie ruhig zu halten.} 10.
Nb1 e5 11. Nd2 Bb4 $6 {Mit der Idee den schwarzfeldrigen Laeufer, der kein
nuetzliches Feld hat, abzutauschen. Es gibt jedoch zwei Probleme: 1. Wird
Weiss das Laeuferpaar ueberlassen und 2. fehlt der Laeufer spaeter bei der
Verteidigung.} 12. Rf1 Bxd2 13. Bxd2 O-O 14. f4 c5 15. Qf3 {
Nach dem Rausnehmen auf e5 loest Schwarz all seine Probleme, z.B.} (15. fxe5
Ng4 16. Bf4 Qe7 17. Qf3 Nxe5 $11 18. Qg3) 15... Nd7 $6 {Der Zug traegt nichts
zur Entwicklung bei und deckt den Be5, der sowieso nicht haengt. Ein
verlorener Zug ...} 16. Qg3 Qe7 {Als Ergebnis der Eroeffnung hat Weiss einen
stattlichen Vorteil: das Laeuferpaar, alle Figuren sind entwickelt und richten
sich gegen den schwarzen Koenigsfluegel.} 17. fxe5 $2 {Schmeisst alles mit nur
einem Zug weg, der auf einer ,,Fehlberechnung'' basiert.} (17. f5 {ist besser.
Das Zentrum wird zwar verriegelt, jedoch hat Schwaz keinerlei Gegenspiel,
sodass Weiss in Ruhe einen Angriff gegen den schwarzen Koenig starten kann, z.
B.} 17... Re8 18. b3 Nf6 19. Rf3 Bd7 20. Bh6 Nh5 21. Qg4 Qd6 22. Bg5 Nf6 23.
Qh4) 17... Nxe5 18. Bf4 Re8 (18... f6 {scheitert an} 19. Bxe5 fxe5 20. Rxf8+
Kxf8 21. Rf1+ Kg8 22. Bc4+ {mit klarem weissen Vorteil.}) 19. Bxe5 Qxe5 20. Bc4
Ra7 21. Rxf7 Rxf7 22. Rf1 Qxg3 23. Bxf7+ Kh8 24. hxg3 Rxe4 25. Bc4 Re8 26. Rf7
{Bis hierhin hatte Weiss alles berechnet und ging von Vorteil fuer Weiss aus.
Jedoch ist dieses Endspiel weitaus komplizierter als erwartet, da Schwarz
schnell zum Gegenangriff uebergehen kann.} 26... g6 27. Rc7 ({
Die Zentralisierung des Koenigs ist im Gewinnsinne bereits zu langsam.} 27. Kf2
Bf5 28. Bxa6 (28. Bb3 h5 29. Rf6 d3 30. cxd3 Bxd3 31. Rc6 Re2+ $11) 28... Bxc2
29. Rc7 d3 30. Rd7 Rb8 31. b3 Ra8 $11) 27... Bf5 28. Rxc5 (28. Bxa6 Rb8 29. b3
Ra8 30. Bd3 Bxd3 31. cxd3 Rxa2 32. Rxc5 Rd2 {
waere nicht besser als der Partiezug.}) 28... Re1+ 29. Kf2 (29. Kh2 {
ist genauer. Schwarz hat nichts Besseres als} 29... Rc1 (29... Bxc2 30. Bxa6 d3
31. Rd5 Rb1 32. b3 Rb2 33. Bxd3 Bxd3 34. Rxd3 Rxa2 35. g4 $14) 30. Rd5 Rxc2 31.
Rxd4 Rxb2 32. g4 Bb1 33. g5 h5 (33... Bxa2 $4 34. Rd8+ Kg7 35. Rg8#) 34. gxh6
Bxa2 35. Bxa2 Rxa2 $11) 29... Rc1 30. Bxa6 d3 31. Bxd3 $2 {Danach ist es nur
noch Schwarz der gewinnen kann, da die weissen Bauern bei falschem Spiel sehr
schnell fallen. Besser waere z.B.} (31. b4 Rxc2+ 32. Ke3 Rxg2 33. Rd5 Rxg3+ 34.
Kf2 Rh3 35. a4 Kg7 36. a5 Kf6 {und Weiss bleibt im Spiel}) 31... Bxd3 32. Ke3
Rxc2 {Hier war die Frage, ob man doch besser die Tuerme auf dem Brett laesst,
sich die g-Bauern abholt und anschliessend mit dem h-Bauern laeuft. Da mir nur
noch einige Minuten auf der Uhr blieben um alles durchzurechnen, waehlte ich
das einfachste Abspiel.} 33. Rxc2 Bxc2 34. b4 Ba4 35. Kd4 Kg7 36. Kc5 Kf7 37.
b5 Ke7 38. Kb4 Bc2 39. a4 {Die Stellung ist wahrscheinlich hoffnungslos fuer
Weiss, da es Schwarz frueher oder spaeter gelingt die weissen
Damenfluegelbauern festzulegen und abzuholen. Einige Varianten waeren Der Rest
ist einfach.} (39. g4 Kd6 40. Ka5 (40. g5 Be4 41. g3 Kc7 42. Kc5 Bb1 43. a4 Kb7
44. a5 Bd3 45. Kb4 Kc7 46. Kc5 Be2 47. Kb4 Kd6 48. a6 Kc7 49. Kc5 Bd3 50. b6+
Kb8 51. a7+) 40... Kc7 41. Ka6 Bd3 42. g5 Bf1 43. g3 Be2 44. a4 Kb8 45. Kb6 Bd1
46. a5 Be2 47. Kc5 Kb7 {mit Gewinnstellung wie in der Partie.}) (39. Kc5 Kd7
40. Kb6 h5 41. Ka7 Be4 42. a4 Bxg2 {
und Schwarz gewinnt indem er den Laeufer im richtigen Moment opfert} 43. a5 Kc8
44. a6 Bf1 45. b6 Bxa6 46. Kxa6 Kb8 47. Kb5 g5 48. Kc4 h4 $18) 39... Kd7 40. a5
Be4 41. Kc5 Kc7 42. a6 Bxg2 43. b6+ Kb8 44. Kd6 Bf1 45. a7+ Kb7 46. Ke6 Bg2 47.
Kf6 Kxb6 48. Kg7 Kxa7 49. Kxh7 Be4 0-1